00603nam a2200181Ia 4500008004100000020002300041040001900064041001200083082002900095100001800124245008700142260005500229300003300284504005000317650002100367651002300388850001000411131103s9999 xx 000 0 und d a8125900519cRs.150 aLoreto College aEnglish a371.271/AGGbLCLIB/41837 aAggarwal,J.C. aEssentials of examination systemb evaluation,tests and measurement cJ.C.Aggarwal aNew DelhibVikas Publicationc1997 (2000 printing) axiv,422 p.b illus.c 22 cm. aIncludes bibliographical references and index aEducation System aExamination System aLCLIB